Romain Rolland y la paz /
Estudio sobre la actitud pacifista adoptada por Rolland en oposición a la Primera Guerra Mundial (1914-18).
محفوظ في:
| المؤلف الرئيسي: | |
|---|---|
| التنسيق: | كتاب |
| اللغة: | الإسبانية |
| منشور في: |
México :
Secretaría de Educación Pública, Subsecretaría de Asuntos Culturales,
1966, c1966
|
| سلاسل: | (Cuadernos de Lectura Popular ;
55) (La Honda del Espíritu) |
| الموضوعات: | |
| الوسوم: |
لا توجد وسوم, كن أول من يضع وسما على هذه التسجيلة!
|
MARC
| LEADER | 00000nam^a2200000^a^4500 | ||
|---|---|---|---|
| 001 | 000138126 | ||
| 005 | 20250521000000.0 | ||
| 009 | 20260310095418.576 | ||
| 037 | |a Acervo ITESO - Biblioteca | ||
| 041 | |a ESP | ||
| 082 | |a 808. 88 |b CUA V. 55 | ||
| 100 | |a Guillén Castalín, Pedro |e (autor) | ||
| 245 | 1 | 0 | |a Romain Rolland y la paz / |c P. Guillén Castalín. |
| 264 | 4 | |a México : |b Secretaría de Educación Pública, Subsecretaría de Asuntos Culturales, |c 1966, c1966 | |
| 300 | |a 61 p. | ||
| 336 | |a texto |b txt |2 rdacontenido | ||
| 337 | |a sin mediación |b n |2 rdamedio | ||
| 338 | |a volumen |b nc |2 rdasoporte | ||
| 440 | 1 | |a (Cuadernos de Lectura Popular ; |v 55) | |
| 440 | 4 | |a (La Honda del Espíritu) | |
| 520 | |a Estudio sobre la actitud pacifista adoptada por Rolland en oposición a la Primera Guerra Mundial (1914-18). | ||
| 545 | 0 | |a Romain Rolland (1866-1944) fue un escritor y pacifista francés, que retrató en su obra la dura realidad de su país, y de una Europa en guerra, construyendo personajes heróicos, universales, de sólidos principios morales y humanidad, que buscaban el equilibrio y la paz. Consideró que "el estilo es el alma", y supo reflejarlo en su escritura de construcción sencilla, que retrataba situaciones y pensamientos con claridad y emoción, a un ritmo paciente. Gran apasionado de la música y el arte, Rolland escribió algunas biografías de artistas a los que admiraba: Beethoven, Hendel, Tolstói y Miguel Ángel. También publicó varias obras de teatro, pero Rolland es recordado por sus novelas, entre las que destacan El alma encantada (1922-1934, 7 volúmenes), pero sobre todo, Juan Cristóbal (1904-1912, 10 volúmenes), que le mereció el Premio Nobel en 1915. | |
| 586 | |a Premio Nobel de Literatura 1915: Biografías, crítica e interpretación | ||
| 649 | |a XX | ||
| 650 | |a Escritores Franceses - |x Biografías | ||
| 650 | |a Pacifismo - |x Tema Principal | ||
| 650 | |a Literatura y Política - |z Francia - |x Historia y Crítica | ||
| 650 | |a Literatura y Sociedad - |z Francia - |x Historia y Crítica | ||
| 650 | |a Literatura Francesa - |x Historia y Crítica | ||
| 650 | |a Literatura Francesa - |y Siglo XX | ||
| 650 | |a Francia - |x Historia - |y Período Moderno, 1848-1919 - |x Tema Principal | ||
| 650 | |a Francia - |x Historia - |y Tercera República, 1870-1940 - |x Tema Principal | ||
| 650 | |a Francia - |x Historia - |y Siglo XX | ||
| 650 | |a Europa - |x Historia - |y 1914-1918 | ||
| 650 | |a Europa - |x Historia - |y 1871-1918 | ||
| 650 | |a Europa - |x Historia - |y Siglo XX | ||
| 650 | |a Guerra Mundial (Primera), 1914-1918 - |x Historia - |x Tema Principal | ||
| 650 | |a Rolland, Romain - |x Tema Principal | ||
| 910 | |a Fondo Salvador Reynoso Reynoso | ||
| 920 | |a Impresos - Libros | ||
| 930 | |a Fondos Especiales | ||
| 940 | |a Literatura | ||
| 905 | |a 112 | ||
| 901 | |a 0800014076 |b IT2 |c ESP |u 20250521 | ||
| 902 | |a https://opac.biblio.iteso.mx/vufind/Record/000138126 | ||